Đảng cộng sản Việt Nam trong tiến trình đổi mới đất nước
Nội dung sách đề cập những vấn đề về đường lối chung trong đổi mới tư duy lý luận chính trị của Đảng. Nêu rõ sự cần thiết khách quan và vai trò lãnh đạo của Đảng đối với đất nước. Trình bày phương hướng và biện pháp nâng cao năng l...
Đã lưu trong:
| 主要作者: | |
|---|---|
| 格式: | 圖書 |
| 語言: | Undetermined |
| 出版: |
Hà Nội
Chính trị Quốc gia
2005
|
| 主題: | |
| 標簽: |
添加標簽
沒有標簽, 成為第一個標記此記錄!
|
| Thư viện lưu trữ: | Trung tâm Học liệu Trường Đại học Cần Thơ |
|---|
| LEADER | 01119nam a2200217Ia 4500 | ||
|---|---|---|---|
| 001 | CTU_110622 | ||
| 008 | 210402s9999 xx 000 0 und d | ||
| 020 | |c 85000 | ||
| 082 | |a 324.2597075 | ||
| 082 | |b Tr431 | ||
| 100 | |a Nguyễn, Phú Trọng | ||
| 245 | 0 | |a Đảng cộng sản Việt Nam trong tiến trình đổi mới đất nước | |
| 245 | 0 | |c Nguyễn Phú Trọng | |
| 260 | |a Hà Nội | ||
| 260 | |b Chính trị Quốc gia | ||
| 260 | |c 2005 | ||
| 520 | |a Nội dung sách đề cập những vấn đề về đường lối chung trong đổi mới tư duy lý luận chính trị của Đảng. Nêu rõ sự cần thiết khách quan và vai trò lãnh đạo của Đảng đối với đất nước. Trình bày phương hướng và biện pháp nâng cao năng lực lãnh đạo và sức chiến đấu của Đảng trong giai đoạn hiện nay. | ||
| 650 | |a Communist parties | ||
| 650 | |z Vietnam | ||
| 904 | |i Giang | ||
| 980 | |a Trung tâm Học liệu Trường Đại học Cần Thơ | ||